000 00673nam a2200253 i 4500
001 C2-0143743
003 PPAK
005 20180727130111.0
008 980117s1981 enka|||| ||||| | eng d
020 _a0600364232
040 _aPPAK
_beng
_cPPAK
_erda
082 0 4 _a520.1
_223
090 0 0 _a520.1
_bRID
_dR
100 1 _aRidpath, Ian,
_eauthor
245 1 4 _aThe young astronomer's handbook
264 1 _aLondon :
_bHamlyn ,
_c1981
300 _a224 pages :
_bcolour illustrations ;
_c18 cm
336 _2rdacontent
_atext
337 _2rdamedia
_aunmediated
338 _2rdacarrier
_avolume
500 _aIncludes index
650 1 0 _aAstronomer
942 _ddc
_cB
999 _c45198
_d45198